000 00613nam a22002057a 4500
999 _c6265
_d6265
003 OSt
005 20190829111459.0
008 190829b ||||| |||| 00| 0 eng d
020 _a9789814714426
020 _a9814714429
040 _cDDC
082 _a302.35 KIN 2016
100 _aKinicki, Angelo; Fugate, Mel.
_912874
245 _aOrganizational Behavior: a practical, problem-solving approach
260 _aNew York;
_bMcGraw-hill,
_c2016
300 _axxxiv,600p;
_bcol.ill:
_c28cm
504 _aPhotos, credits, notes, & index included
650 _aOrganizational behavior
_912875
942 _2ddc
_cBOOK